Čakajú na akcie

Spotreba cereálií je na slovenskom trhu naďalej hlboko pod európskym priemerom. Aj z tohto dôvodu by sa malo viac komunikovať o prínosoch konzumácie týchto výrobkov. Cereálie a spotrebiteľ.

Guardado en:
Detalles Bibliográficos
Autor principal: Košťál, Daniel
Formato: Capítulo de libro
Lenguaje:eslovaco
Materias:
Etiquetas: Agregar Etiqueta
Sin Etiquetas, Sea el primero en etiquetar este registro!

MARC

LEADER 00000naa$a2200000$$$4500
001 0078379
005 20231128093249.4
041 0 |a slo 
044 |a SK 
245 1 0 |a Čakajú na akcie  |c Daniel Košťál 
520 |a Spotreba cereálií je na slovenskom trhu naďalej hlboko pod európskym priemerom. Aj z tohto dôvodu by sa malo viac komunikovať o prínosoch konzumácie týchto výrobkov. Cereálie a spotrebiteľ. 
610 2 0 |a výživa 
610 2 0 |a potraviny 
610 2 0 |a bioprodukty 
610 2 0 |a Slovensko 
100 1 |a Košťál, Daniel